| 000 | 01840nam a2200265 a 4500 | ||
|---|---|---|---|
| 001 | 000081604 | ||
| 005 | 20200120224607.0 | ||
| 008 | 161123s2015 sp ||||gr|||| 000 ||spa d | ||
| 020 | _a9788416075393 | ||
| 041 | 0 | _a+¿spa | |
| 043 | _as-sp--- | ||
| 082 | 0 | 4 | _221 |
| 090 |
_aJN _bGIEs |
||
| 100 | 1 | _aGier, Kerstin | |
| 245 | 1 | 0 |
_aSilber : _bel segundo libro de los sueños / _cKerstin Gier, traducción Nuria Villagrasa Valdivieso. |
| 250 | _a1a. ed. | ||
| 260 |
_aBarcelona : _bEdiciones B, _c2015. |
||
| 300 | _a349 páginas. | ||
| 520 | _a"Las vidas de Liv, Henry y Grayson parecen haber vuelto a la normalidad, hasta que son atacados por un personaje que demuestra conocerlos bien. Entretanto, Mia empieza a vagar, sonámbula, por las noches y a hacer cosas extrañas como intentar ahogar a su hermana Liv. Esta y Grayson deciden montar guardia para evitar que Mia se haga daño o dañe a alguien más. Durante el día, Liv y Henry continúan con su relación, la cual se ve amenazada cuando Secrecy publica en el blog que Henry está insatisfecho por no tener relaciones sexuales con Liv. Como consecuencia de ello la pareja rompe, pero continúan juntos para intentar proteger a Mia, sobre todo, cuando se enteran de que quien los persigue en sueños es la propia Anabel, que quiere salir del psiquiátrico en que se encuentra recluida. Anabel lo niega, pero ellos no le creen. Hasta que descubren que es Arthur disfrazado de Anabel quien se quiere vengar de Liv. ¿Cómo se resolverá todo esto? ¿Lograrán Liv, Henry, Grayson y Mia recuperar la calma tanto en la noche como en el día?" | ||
| 650 | 1 | 7 |
_aNovela juvenil alemana _2LEMB |
| 650 | 2 | 7 |
_aSueños _xNovela juvenil alemana |
| 650 | 2 | 7 |
_aLiteratura alemana _2LEMB |
| 650 | 2 | 7 |
_aNovela de ciencia-ficción _2LEMB |
| 710 | 2 |
_aNuria Villagrasa Valdivieso, _ctraductora. |
|
| 999 |
_c10016 _d10016 |
||